[Event "5th Rohde Open"]
[Site "Sautron FRA"]
[Date "2005.10.30"]
[Round "9"]
[White "Tratar,M"]
[Black "Monroy,C"]
[Result "1/2-1/2"]
[WhiteElo "2440"]
[BlackElo "2345"]

1.Nf3 Nf6 2.c4 b6 3.g3 Bb7 4.Bg2 c5 5.O-O e6 6.Nc3 d6 7.b3 Nbd7 8.Bb2 Be7
9.e4 a6 10.Qe2 O-O 11.d4 cxd4 12.Nxd4 Qc7 13.Rac1 Rfe8 14.Rfe1 Rac8 15.f4 Nf8
16.f5 N6d7 17.fxe6 fxe6 18.Nf3 Ng6 19.Qd2 Nge5 20.Rcd1 Nxf3+ 21.Bxf3 Ne5
22.Bg2 Rf8 23.Ne2 Rf6 24.Rf1 b5 25.Rxf6 Bxf6 26.Qxd6 Qxd6 27.Rxd6 Nxc4 28.bxc4 Bxb2
29.Bh3 Kf8 30.Bxe6 Re8 31.cxb5 axb5 32.Rb6 Bxe4 33.Rxb5 Bf6 34.Bd7 Rd8 35.Bf5 Bxf5
36.Rxf5 Rd2 37.Kf1  1/2-1/2

[Event "TCh-BEL 2005-6"]
[Site "Belgium BEL"]
[Date "2005.11.06"]
[Round "3"]
[White "Barbier,W"]
[Black "Bertrem,S"]
[Result "1-0"]
[WhiteElo "2218"]
[BlackElo "2148"]

1.c4 e6 2.g3 c5 3.Nf3 b6 4.Bg2 Bb7 5.O-O Nf6 6.b3 d6 7.Bb2 Nbd7 8.d3 Be7
9.e4 Qc7 10.Re1 O-O 11.Nc3 a6 12.h3 Rad8 13.Nh2 Bc6 14.f4 Qb7 15.g4 b5 16.g5 Ne8
17.Nd5 Nb6 18.Nxe7+ Qxe7 19.h4 Qb7 20.Ng4 Nd7 21.Ne3 f5 22.exf5 Bxg2 23.Nxg2 Rxf5
24.Rxe6 Nf8 25.Re3 d5 26.Qe2 Nd6 27.Re7 Rd7 28.Rxd7 Qxd7 29.Be5 Nf7 30.Ne3 Rxe5
31.fxe5 dxc4 32.dxc4 Nxe5 33.Nd5 Nfg6 34.Rf1 Nc6 35.Qe4 Nge5 36.Qf5 Qe8 37.Nc7 Qd8
38.Ne6 Nf3+ 39.Qxf3  1-0

[Event "18th Belgrade Trophy"]
[Site "Obrenovac SCG"]
[Date "2005.11.22"]
[Round "1"]
[White "Trisic,D"]
[Black "Nestorovic,De"]
[Result "0-1"]
[WhiteElo "2102"]
[BlackElo "2400"]

1.Nf3 c5 2.c4 Nf6 3.g3 b6 4.Bg2 Bb7 5.O-O e6 6.b3 Be7 7.Nc3 O-O 8.Bb2 a6
9.e3 d6 10.d4 cxd4 11.Nxd4 Qc7 12.Bxb7 Qxb7 13.Qf3 Qxf3 14.Nxf3 Nbd7 15.Nd4 Rfc8
16.Rfd1 Rab8 17.Rd2 g6 18.Rad1 Rc7 19.e4 h5 20.Re1 g5 21.f4 gxf4 22.gxf4 Kh7
23.Nf3 Rg8+ 24.Rg2 Rxg2+ 25.Kxg2 Nc5 26.Ng5+ Kg6 27.Re3 h4 28.h3 Nh5 29.Rf3 Nxf4+
30.Rxf4 Bxg5 31.Rg4 Nd3 32.Nd1 Ne5 33.Bxe5 dxe5 34.Kf3 Rd7 35.Nf2 Rd2 36.a4 Rb2
37.Rg1 Rxb3+ 38.Ke2 Rb2+ 39.Kf3 Rb4 40.Nd3 Rb3 41.Ke2 f6 42.c5 bxc5 43.Nxc5 Rxh3
44.Ra1 a5 45.Rb1 Rc3 46.Rb5 h3 47.Nd3 h2 48.Rb1 Bc1 49.Nf2 Rc2+ 50.Kd3 Rxf2
51.Rxc1 Rg2  0-1

[Event "18th Belgrade Trophy"]
[Site "Obrenovac SCG"]
[Date "2005.11.22"]
[Round "1"]
[White "Lecic,P"]
[Black "Arsovic,Z"]
[Result "0-1"]
[WhiteElo "2118"]
[BlackElo "2419"]

1.Nf3 c5 2.c4 Nf6 3.g3 b6 4.Bg2 Bb7 5.O-O e6 6.b3 d6 7.Bb2 Be7 8.d3 O-O 9.e3 a6
10.Nc3 Ra7 11.Qe2 Re8 12.Rfd1 Bf8 13.a3 Nbd7 14.Ne1 d5 15.Nf3 Qa8 16.cxd5 exd5
17.d4 c4 18.a4 cxb3 19.Nd2 Bc6 20.Nxb3 Rc7 21.Qd3 Ne4 22.Rdc1 Ndf6 23.Nd2 Bb4
24.Ndxe4 dxe4 25.Qc4 Bd6 26.Qb3 Qb7 27.Ba3 Bxa3 28.Qxa3 h5 29.h4 Rec8 30.Rab1 Bd7
31.Ne2 Rxc1+ 32.Rxc1 Rxc1+ 33.Nxc1 Qc6 34.a5 bxa5 35.Ne2 Qc2 36.Nc3 a4  0-1

[Event "18th Belgrade Trophy"]
[Site "Obrenovac SCG"]
[Date "2005.11.30"]
[Round "9"]
[White "Knezevic,Ml"]
[Black "Milanovic,Sla"]
[Result "0-1"]
[WhiteElo "2158"]
[BlackElo "2287"]

1.Nf3 Nf6 2.c4 e6 3.g3 b6 4.Bg2 Bb7 5.O-O c5 6.d4 cxd4 7.Nxd4 Bxg2 8.Kxg2 Qc7
9.Qd3 Be7 10.Nc3 a6 11.e4 O-O 12.b3 d6 13.f4 Nbd7 14.f5 Nc5 15.Qf3 Nfd7 16.Bf4 Bf6
17.Be3 Qb7 18.Rad1 Ne5 19.Qf4 Ncd3 20.Rxd3 Nxd3 21.Qg4 Ne5 22.Qe2 Nc6 23.Qd2 Rfe8
24.fxe6 fxe6 25.Rxf6 gxf6 26.Nxc6 Qxc6 27.Qd4 Rf8 28.Qxb6 Qxb6 29.Bxb6 Rac8
30.Kf3 f5 31.Ke3 Rc6 32.Na4 fxe4 33.Kxe4 Rf1 34.Bd4 Kf7 35.Nb2 e5 36.Bc3 Ke6
37.Kd3 Rf2 38.b4 d5 39.cxd5+ Kxd5 40.Nd1 e4+ 41.Ke3 Rf3+ 42.Kd2 Rd3+  0-1

[Event "1st ch-BIH"]
[Site "Brcko BIH"]
[Date "2005.12.19"]
[Round "6"]
[White "Vukic,M"]
[Black "Muratovic,Ef"]
[Result "1-0"]
[WhiteElo "2467"]
[BlackElo "2361"]

1.Nf3 Nf6 2.g3 b6 3.Bg2 Bb7 4.O-O e6 5.c4 c5 6.b3 Be7 7.Bb2 O-O 8.e3 d6 9.Nc3 Nbd7
10.d4 a6 11.d5 e5 12.a4 Ne8 13.e4 Nc7 14.Qd3 Re8 15.Bc1 Nf8 16.Be3 Qd7 17.Rfb1 a5
18.Rf1 Bc8 19.Nb5 Ng6 20.Rae1 h5 21.Bh3 Qd8 22.Bf5 Nf8 23.Nd2 g6 24.Bxc8 Qxc8
25.f4 Nd7 26.f5 Kg7 27.Re2 Rf8 28.Ref2 Nf6 29.h3 Nce8 30.Qe2 Nh7 31.Rh2 Qd8
32.Rhf2 Bf6 33.Nf3 Qe7 34.h4 Kg8 35.Bh6 Ng7 36.Ng5 Bxg5 37.hxg5 Qd7 38.f6 Ne8
39.Rh2 Nc7 40.Nxc7 Qxc7 41.g4  1-0

[Event "21st Post Open"]
[Site "Duesseldorf GER"]
[Date "2005.12.27"]
[Round "2"]
[White "Hausrath,D"]
[Black "Soueid,T"]
[Result "1-0"]
[WhiteElo "2463"]
[BlackElo "2093"]

1.Nf3 Nf6 2.g3 b6 3.Bg2 Bb7 4.O-O e6 5.c4 c5 6.Nc3 a6 7.Re1 Qc7 8.e4 d6 9.d4 cxd4
10.Nxd4 Be7 11.Be3 Nbd7 12.Rc1 O-O 13.f4 Rfd8 14.Bf2 Rac8 15.b3 Nc5 16.Qe2 e5
17.Nf5 exf4 18.b4 fxg3 19.Bxg3 Ne6 20.Nd5 Bxd5 21.exd5  1-0

[Event "14th Donau Open"]
[Site "Aschach AUT"]
[Date "2005.12.28"]
[Round "4"]
[White "Grunberg,M"]
[Black "Ruether,R"]
[Result "1-0"]
[WhiteElo "2409"]
[BlackElo "2188"]

1.Nf3 c5 2.c4 Nf6 3.g3 b6 4.Bg2 Bb7 5.O-O e6 6.Nc3 a6 7.d4 cxd4 8.Qxd4 d6
9.Rd1 Be7 10.b3 Nbd7 11.e4 O-O 12.Ba3 Nc5 13.e5 dxe5 14.Qxd8 Rfxd8 15.Nxe5 Bxg2
16.Kxg2 Bf8 17.f4 Rdc8 18.Bxc5 Bxc5 19.Nd7 Rc6 20.Nxf6+ gxf6 21.Rd7 Kg7 22.a4 Bb4
23.Ne2 Kg6 24.Rad1 Bc5 25.Rb7 Rcc8 26.Rdd7 Rf8 27.Nd4 Rad8 28.f5+ exf5 29.Ne6 Rde8
30.Nxf8+ Rxf8 31.a5 bxa5 32.Rdc7 Bd6 33.Rc6 Bb4 34.Rd7 Re8 35.Kf2 h5 36.Rcc7 f4
37.gxf4 Kf5 38.Rd4 Be1+ 39.Kf3 Bc3 40.Rd3 Bb4 41.c5 Re1 42.c6 Rf1+ 43.Ke2 Re1+
44.Kf2 Rc1 45.Rc8 Kxf4 46.Rf3+ Ke5 47.Re8+ Kd5 48.Rd3+  1-0

[Event "Open A"]
[Site "Bethune FRA"]
[Date "2005.12.29"]
[Round "7"]
[White "Jossien,A"]
[Black "Solodovnichenko,Y"]
[Result "0-1"]
[WhiteElo "2323"]
[BlackElo "2494"]

1.Nf3 c5 2.c4 Nf6 3.g3 b6 4.Bg2 Bb7 5.O-O e6 6.Nc3 Be7 7.d4 cxd4 8.Qxd4 d6
9.Bg5 O-O 10.Rfd1 Nc6 11.Qf4 Qb8 12.Rd2 Ne5 13.Bxf6 Bxf6 14.Rad1 Qc7 15.Nxe5 Bxe5
16.Qh4 Bxg2 17.Kxg2 Bxc3 18.bxc3 Rfd8 19.Rd4 Rac8 20.R1d3 Rd7 21.Qg5 Qd8
22.Qd2 Rc6 23.f3 h6 24.Rg4 Kh7 25.Rgd4 Qc7 26.h4 h5 27.Qg5 Rc5 28.Qd2 Rxc4
29.Rxd6 Rxd6 30.Rxd6 Rxc3 31.Rd7 Qc4 32.Kh3 Qc5 33.Rxf7 Rc1 34.e3 Qc4 35.g4 hxg4+
36.fxg4 Rh1+ 37.Kg2 Qe4+ 38.Rf3 Rxh4 39.Qf2 Rxg4+ 40.Kh3 Rg5  0-1

[Event "10th Open"]
[Site "Bad Zwesten GER"]
[Date "2006.01.03"]
[Round "2"]
[White "Haase,R"]
[Black "Bischoff,K"]
[Result "0-1"]
[WhiteElo "2169"]
[BlackElo "2555"]

1.Nf3 Nf6 2.g3 b6 3.Bg2 Bb7 4.O-O e6 5.c4 c5 6.b3 Be7 7.Bb2 d6 8.d4 cxd4
9.Qxd4 O-O 10.Nc3 a6 11.Rfd1 Qc7 12.Rac1 Nbd7 13.Ne1 Rfd8 14.Ne4 Ne8 15.Nd3 Rac8
16.Qe3 h6 17.Nf4 Ndf6 18.Nxf6+ Nxf6 19.h3 Bxg2 20.Kxg2 Kf8 21.Qf3 Kg8 22.g4 Qc6
23.Qxc6 Rxc6 24.Kf3 Rc7 25.e4 Nd7 26.Kg3 Rb7 27.Rc2 Rc8 28.Ng2 b5 29.Ne3 b4
30.Rcd2 a5 31.f4 Nc5 32.Kf3 a4 33.Bd4 Nd7 34.bxa4 Ra8 35.Rb1 Rxa4 36.Rdb2 Nc5
37.Nc2 e5 38.Be3 exf4 39.Bd2 Nd3 40.Rb3 Ne5+ 41.Ke2 Rxa2 42.Nxb4 f3+ 43.Kd1 f2
44.Ke2 Nxc4 45.Nxa2 Rxb3  0-1

[Event "Petrovskaya Ladya IM"]
[Site "Peterhof RUS"]
[Date "2006.01.10"]
[Round "10"]
[White "Drugov,P"]
[Black "Zigangirova,S"]
[Result "1-0"]
[WhiteElo "2318"]
[BlackElo "2327"]

1.Nf3 Nf6 2.c4 e6 3.g3 b6 4.Bg2 Bb7 5.O-O c5 6.b3 Be7 7.Bb2 O-O 8.e3 Qc7
9.Qe2 d6 10.Nc3 Nbd7 11.d3 Rad8 12.e4 Ne5 13.Ne1 Nc6 14.Nc2 a6 15.Qe3 Nd7
16.d4 cxd4 17.Nxd4 Bf6 18.Nxc6 Bxc6 19.Rac1 Qb7 20.Rfd1 Qb8 21.Ba3 Nc5 22.e5 Bxg2
23.exf6 Qb7 24.Qg5  1-0

[Event "13th I.Stepichev Mem"]
[Site "Kyiv UKR"]
[Date "2006.01.11"]
[Round "4"]
[White "Baryshpolets,A"]
[Black "Grinev,V"]
[Result "1/2-1/2"]
[WhiteElo "2218"]
[BlackElo "2258"]

1.Nf3 c5 2.c4 e6 3.g3 b6 4.Bg2 Bb7 5.O-O Nf6 6.Nc3 d6 7.Re1 Nbd7 8.e4 Rc8
9.b3 a6 10.Bb2 Be7 11.d4 cxd4 12.Nxd4 Qc7 13.f4 O-O 14.Rc1 Rfd8 15.g4 Qb8
16.g5 Ne8 17.Qg4 Nc7 18.Kh1 Ba8 19.a4 Bf8 20.Rcd1  1/2-1/2

[Event "4th I.Platonov Mem"]
[Site "Kyiv UKR"]
[Date "2006.01.14"]
[Round "7"]
[White "Matorin,E"]
[Black "Pavlov,S2"]
[Result "1-0"]
[WhiteElo "2294"]
[BlackElo "2453"]

1.Nf3 c5 2.g3 b6 3.Bg2 Bb7 4.O-O e6 5.c4 Nf6 6.b3 Be7 7.Bb2 O-O 8.d4 cxd4
9.Nxd4 Bxg2 10.Kxg2 Qc8 11.Nc3 Qb7+ 12.Kg1 d6 13.Qd3 Nbd7 14.Qf3 Qxf3 15.Nxf3 a6
16.Rfd1 Rfd8 17.Rd2 Rac8 18.Rad1 Nc5 19.Rd4 Nfd7 20.R4d2 Nf6 21.Rd4 h6 22.Ne1 Ne8
23.Ba3 Nb7 24.R4d3 Nc5 25.Bxc5 Rxc5 26.Na4 Rc6 27.Nc2 d5 28.Nd4 Rc7 29.cxd5 b5
30.Nc6 bxa4 31.Nxd8 Bxd8 32.dxe6 Bf6 33.exf7+ Rxf7 34.bxa4 Re7 35.e3 Re4
36.Rb3 Rxa4 37.Rb8 Kf8 38.Rd2 Ke7 39.Rb7+ Ke6 40.Rb6+ Ke7 41.Kg2 Nc7 42.Rb7 Rc4
43.f4 Rc6 44.e4 Ke6 45.Kf3 Rc3+ 46.Kg4 Rc4 47.Rb6+ Kf7 48.Rb7 Ke6 49.e5 Be7
50.Rb6+ Kf7 51.h4 a5 52.Kf5 Rc5 53.a4 Nd5 54.Rb7 g6+ 55.Ke4 Nc3+ 56.Kf3 Nd5
57.h5 gxh5 58.Ke4 Nb4 59.Rdd7 Rc4+ 60.Ke3 Nc6 61.Rbc7 Ke6 62.Rxe7+  1-0

[Event "4th Parsvnath Open"]
[Site "New Delhi IND"]
[Date "2006.01.16"]
[Round "3"]
[White "Balasubramaniun,Ram"]
[Black "Vijayalakshmi,S"]
[Result "1/2-1/2"]
[WhiteElo "2322"]
[BlackElo "2479"]

1.Nf3 Nf6 2.g3 b6 3.Bg2 Bb7 4.O-O e6 5.c4 c5 6.Nc3 a6 7.d3 d6 8.a3 Be7 9.b4 cxb4
10.axb4 O-O 11.Qb3 Qc7 12.Bf4 Nbd7 13.e4 Rfc8 14.Rfc1 Ne5 15.Na4 Nfd7 16.h3 Bf6
17.Nxe5 Bxe5 18.Bxe5 dxe5 19.Qb2 a5 20.bxa5 Rxa5 21.Nc3 Rca8 22.Rxa5 Rxa5
23.Nb5 Qb8 24.d4 h6 25.dxe5 Nxe5 26.Qd4 Bc6 27.Nd6 Nd7 28.Rd1 Qa8 29.Nb5 Ra4
30.Nc3 Ra7 31.Nb5  1/2-1/2

[Event "4th Parsvnath Open"]
[Site "New Delhi IND"]
[Date "2006.01.18"]
[Round "6"]
[White "Rahman,Zia"]
[Black "Amanov,M"]
[Result "1-0"]
[WhiteElo "2557"]
[BlackElo "2275"]

1.Nf3 Nf6 2.c4 b6 3.g3 Bb7 4.Bg2 c5 5.O-O e6 6.Nc3 Be7 7.Re1 Nc6 8.e4 d6
9.d4 cxd4 10.Nxd4 Qd7 11.b3 O-O 12.Bb2 Rac8 13.Nc2 a6 14.Qe2 Qc7 15.Rad1 Rfe8
16.Kh1 Nd7 17.Ne3 Bf8 18.f4 Nc5 19.g4 Ne7 20.f5 Qb8 21.Qf2 Qa8 22.fxe6 fxe6
23.Rxd6 Nc6 24.Rdd1 Ne5 25.Rf1 Ncd3 26.Rxd3 Nxd3 27.Qf7+ Kh8 28.Ba1 Re7 29.Qh5 Nc5
30.Qh4 Rd7 31.g5 Kg8 32.Ng4 Qb8 33.Nh6+ gxh6 34.gxh6 e5 35.b4 Rc6 36.Nd5 Rxd5
37.exd5 Rxh6 38.Qg5+ Rg6 39.Qf5 Qe8 40.bxc5 Bxc5 41.Bxe5 Qe7 42.Bg3 Bd4 43.Qf4 Bc3
44.d6 Bxg2+ 45.Kxg2 Qb7+ 46.Kg1 Rf6 47.Qg5+ Kf7 48.Rxf6+ Bxf6 49.Qf5 Qc6
50.Qh5+ Ke6 51.Qh3+ Kf7 52.Qh5+ Ke6 53.Qe2+ Kf7 54.h4 b5 55.cxb5 axb5 56.Kh2 Qd5
57.Kh3 b4 58.Qc2 Kg7 59.Qg2 Qf5+ 60.Kh2 Qg4 61.Bf4 Qxg2+ 62.Kxg2 Bxh4 63.Kf3 Kf7
64.Kg4 Be7 65.Kf5 Bh4 66.Bd2 Ke8 67.Ke6 Kd8 68.Bxb4 Kc8 69.d7+ Kc7 70.Be7  1-0

[Event "Classic"]
[Site "Queenstown NZL"]
[Date "2006.01.21"]
[Round "7"]
[White "Hu,J"]
[Black "Sims,M"]
[Result "1-0"]
[WhiteElo "2081"]
[BlackElo "1918"]

1.c4 c5 2.Nf3 Nf6 3.g3 b6 4.Bg2 Bb7 5.O-O e6 6.Nc3 Be7 7.Qc2 O-O 8.a3 a6
9.Rd1 Qc7 10.d4 cxd4 11.Rxd4 d5 12.Bf4 Qc8 13.cxd5 Nxd5 14.Nxd5 Qxc2 15.Nxe7+ Kh8
16.Ne5 Nc6 17.Rd2 Qxd2 18.Bxd2 Nxe5 19.Bxb7 Ra7 20.Nc6 Nf3+ 21.exf3 Rxb7
22.Bc3 Rc7 23.Nd4 e5 24.Nf5 f6 25.Rd1 g6 26.Ne3 Rc6 27.Rd7 Kg8 28.Nd5 Rf7
29.Rxf7 Kxf7 30.Nb4 Re6 31.Nxa6 Re7 32.Nb4 Ke6 33.Kf1 f5 34.Bxe5  1-0

[Event "2nd Bundesliga Mitte 2005-6"]
[Site "Austria AUT"]
[Date "2006.02.03"]
[Round "5"]
[White "Smole,A"]
[Black "Poeltl,T"]
[Result "1-0"]
[WhiteElo "2139"]
[BlackElo "2175"]

1.Nf3 Nf6 2.g3 b6 3.Bg2 Bb7 4.O-O e6 5.c4 c5 6.Nc3 Be7 7.b3 O-O 8.Bb2 d6
9.e3 Nbd7 10.d4 cxd4 11.exd4 a6 12.Re1 Re8 13.Qd3 Qc7 14.Rac1 Rac8 15.Bh3 Bf8
16.Ng5 h6 17.Nge4 Nxe4 18.Nxe4 Qc6 19.d5 Qc7 20.dxe6 fxe6 21.Nd2 Nc5 22.Qg6 Qf7
23.Qc2 a5 24.a3 a4 25.b4 Nb3 26.Nxb3 Qf3 27.Kf1 Qh1+ 28.Ke2 Qf3+ 29.Kd2 axb3
30.Qd3 Qxf2+ 31.Re2 Qf7 32.Qxb3 d5 33.Qe3 Rc6 34.cxd5 Rd6 35.Ke1 Bxd5 36.Be5 Rdd8
37.Qxb6 Qh5 38.Bf1 Bf3 39.Re3 Qxh2 40.Rd3 Bg4 41.Rxd8 Qh5 42.Bd6 Qd5 43.Rxe8  1-0

[Event "TCh-HUN 2005-6"]
[Site "Hungary HUN"]
[Date "2006.02.12"]
[Round "7"]
[White "Csom,I"]
[Black "Izsak,Gyu"]
[Result "1/2-1/2"]
[WhiteElo "2463"]
[BlackElo "2431"]

1.Nf3 Nf6 2.g3 b6 3.Bg2 Bb7 4.O-O c5 5.c4 e6 6.Nc3 Be7 7.d4 cxd4 8.Qxd4 d6
9.Rd1 a6 10.Ng5 Bxg2 11.Kxg2 Nc6 12.Qf4 Qc7 13.Nce4 Rd8 14.b3 h6 15.Nf3 Nxe4
16.Qxe4 Bf6 17.Rb1 O-O 18.Bb2 Bxb2 19.Rxb2 Ne7 20.Rbd2 d5 21.cxd5 Nxd5 22.Rc2 Qb7
23.Rdc1 Rc8 24.a3 a5 25.Rc4 b5 26.Rc5 Rxc5 27.Rxc5 Rc8 28.Qc2 Rc7 29.Rxc7 Nxc7
30.Kf1 Qb6 31.Ne5 Qd6 32.Nd3 Nd5 33.Qc8+ Qf8 34.Qc6 Qxa3 35.Qxb5 g6 36.Kg2 Nc3
37.Qb8+ Qf8 38.Qe5 Qa8+ 39.Kg1 Nd5 40.Qd4 Qb7 41.e4 Nb6 42.Ne5 h5 43.h4 Qc7
44.Kg2 Qb7 45.Kg1 Qc7 46.Kh2 Kf8  1/2-1/2

[Event "FSGM February"]
[Site "Budapest HUN"]
[Date "2006.02.16"]
[Round "13"]
[White "Paschall,W"]
[Black "Radziewicz,I"]
[Result "0-1"]
[WhiteElo "2368"]
[BlackElo "2421"]

1.Nf3 e6 2.c4 b6 3.g3 Bb7 4.Bg2 c5 5.O-O Nf6 6.Nc3 Be7 7.Re1 O-O 8.e4 d6
9.d4 cxd4 10.Nxd4 Qc8 11.Be3 Nbd7 12.Rc1 Re8 13.f4 Bf8 14.Bf2 Qb8 15.h3 g6
16.b4 e5 17.Nde2 a5 18.a3 axb4 19.axb4 Ra3 20.Ra1 Rxa1 21.Qxa1 Rc8 22.Nd5 Rxc4
23.fxe5 dxe5  0-1

[Event "US Amateur Team East"]
[Site "Parsippany USA"]
[Date "2006.02.20"]
[Round "6"]
[White "Slatin,D"]
[Black "Sevillano,E"]
[Result "0-1"]
[WhiteElo "2038"]
[BlackElo "2461"]

1.Nf3 c5 2.c4 Nf6 3.g3 b6 4.Bg2 Bb7 5.O-O e6 6.Nc3 Be7 7.d4 cxd4 8.Nxd4 Bxg2
9.Kxg2 O-O 10.Nc2 Qc8 11.Qd3 Qc6+ 12.e4 Rc8 13.Ne3 Na6 14.f3 Bc5 15.b3 Rd8
16.Rd1 d6 17.a3 Nc7 18.Bb2 Bxe3 19.Qxe3 d5 20.cxd5 exd5 21.exd5 Ncxd5 22.Nxd5 Nxd5
23.Qd4 Nf4+ 24.Qxf4 Qc2+ 25.Kh3 Rxd1 26.Rxd1 Qxd1 27.Qe5 Qd7+ 28.g4 f6 29.Qe4 Re8
30.Qc4+ Qe6 31.Qd3 h5 32.Qg6 hxg4+ 33.Kg3 gxf3 34.Bxf6 Re7  0-1

[Event "Festival de Meurthe-et-Moselle A"]
[Site "Nancy FRA"]
[Date "2006.02.23"]
[Round "5"]
[White "Cioara,A"]
[Black "Adrian,C"]
[Result "1-0"]
[WhiteElo "2440"]
[BlackElo "2278"]

1.c4 b6 2.Nf3 Nf6 3.g3 Bb7 4.Bg2 c5 5.O-O e6 6.Nc3 d6 7.Re1 Nbd7 8.e4 Rc8
9.b3 a6 10.Bb2 Rc7 11.d4 cxd4 12.Nxd4 Be7 13.f4 Qa8 14.f5 e5 15.Nc2 O-O 16.Nb4 Rfc8
17.a4 Nc5 18.Ncd5 Nxd5 19.exd5 Bf8 20.Nc6 Bxc6 21.dxc6 e4 22.Rxe4 Nxe4 23.Bxe4 Re8
24.Bd5 Rce7 25.Qg4 Re1+ 26.Rxe1 Rxe1+ 27.Kf2 Qe8 28.Bd4 b5 29.c7 Rc1 30.Bxf7+ Qxf7  1-0

[Event "2nd Bundesliga Ost 2005-6"]
[Site "Austria AUT"]
[Date "2006.02.24"]
[Round "7"]
[White "Franzen,Joz"]
[Black "Froeschl,F"]
[Result "1/2-1/2"]
[WhiteElo "2379"]
[BlackElo "2218"]

1.Nf3 Nf6 2.c4 c5 3.g3 b6 4.Bg2 Bb7 5.O-O e6 6.b3 Be7 7.Bb2 d6 8.Nc3 O-O
9.d4 Nbd7 10.Rc1 a6 11.a4 Rb8 12.Re1 Ne4 13.Qd3 Ndf6 14.Nd2 Nxc3 15.Bxc3 Bxg2
16.Kxg2 Qd7 17.d5 e5 18.e4 Nh5 19.Nf1 Bg5 20.Bd2 Bxd2 21.Nxd2 Qg4 22.Kh1  1/2-1/2

[Event "2nd Bundesliga Ost 2005-6"]
[Site "Austria AUT"]
[Date "2006.02.26"]
[Round "9"]
[White "Schneider Zinner,H"]
[Black "Hechl,G"]
[Result "1/2-1/2"]
[WhiteElo "2384"]
[BlackElo "2215"]

1.Nf3 c5 2.g3 b6 3.Bg2 Bb7 4.O-O Nf6 5.c4 e6 6.Nc3 Be7 7.d4 cxd4 8.Nxd4 Bxg2
9.Kxg2 a6 10.e4 Qc7 11.Qf3 O-O 12.Be3 Nc6 13.Nxc6 dxc6 14.Bf4 e5 15.Bg5 Ne8
16.Bxe7 Qxe7 17.Qe3 Qb4 18.Rfc1 Nd6 19.b3 b5 20.c5 Nb7 21.Ne2 Rad8 22.Rc2  1/2-1/2

[Event "TCh-HUN 2005-6"]
[Site "Hungary HUN"]
[Date "2006.02.26"]
[Round "8"]
[White "Nguyen Huynh Minh H"]
[Black "Fodor,T jr"]
[Result "1-0"]
[WhiteElo "2217"]
[BlackElo "2302"]

1.Nf3 Nf6 2.c4 e6 3.g3 b6 4.Bg2 Bb7 5.O-O c5 6.Nc3 Be7 7.d4 cxd4 8.Qxd4 O-O
9.Rd1 Qc8 10.Bf4 Na6 11.Rac1 Rd8 12.Bd6 Bxd6 13.Qxd6 Nc5 14.Ne5 Bxg2 15.Kxg2 Qb8
16.Nb5 a6 17.Qxb8 Raxb8 18.Nd6 Rf8 19.f4 h5 20.h3 a5 21.b3 g6 22.Kf3 Kg7
23.e4 Ng8 24.Nd3 Na6 25.Rd2 f6 26.Ke3 Ne7 27.c5 b5 28.a3 Nc6 29.Ne1 Rfd8
30.Nf3 Nc7 31.Nd4 Kf8 32.Nxc6 dxc6 33.g4 Ke7 34.gxh5 Rh8 35.Rg2 Rbg8 36.Rxg6 Rxg6
37.hxg6 Rxh3+ 38.Kf2 Kf8 39.Kg2 Rh5 40.b4 a4 41.Rd1 Rh6 42.f5 exf5 43.exf5 Rh5
44.Kg3 Rg5+ 45.Kf3 Ne8 46.Rh1 Ng7 47.Rh8+ Ke7 48.Nc8+ Kd7 49.Nb6+ Ke7 50.Rh7 Kf8
51.Nd7+ Kg8 52.Nxf6+ Kf8 53.Nd7+ Kg8 54.f6  1-0

[Event "FSIMA March"]
[Site "Budapest HUN"]
[Date "2006.03.06"]
[Round "3"]
[White "Nguyen Huynh Minh H"]
[Black "Fodor,T jr"]
[Result "1/2-1/2"]
[WhiteElo "2217"]
[BlackElo "2302"]

1.Nf3 Nf6 2.c4 e6 3.g3 b6 4.Bg2 Bb7 5.O-O c5 6.Nc3 Be7 7.d4 cxd4 8.Qxd4 d6
9.Rd1 a6 10.b3 Nbd7 11.e4 O-O 12.Ba3 Nc5 13.e5 dxe5 14.Qxd8 Rfxd8 15.Nxe5 Bxg2
16.Kxg2 Bf8 17.Bxc5 Bxc5 18.Na4 Kf8 19.Nxc5 bxc5 20.Kf3 Rac8 21.Rab1 Ne8
22.Nd7+ Ke7 23.Nb6 Rb8 24.Na4 Rxd1 25.Rxd1 Rc8 26.Rd3 Nd6 27.Ke3 Rc6 28.a3 Rc7
29.f3 h5 30.Kd2 Rc8 31.Kc3 a5 32.Re3 f6 33.Re1 g5 34.Nb6 Rb8 35.Nd5+ Kf7
36.Nc7 Nf5 37.Nb5  1/2-1/2

[Event "2nd ch-SCG"]
[Site "Pancevo SCG"]
[Date "2006.03.11"]
[Round "12"]
[White "Tadic,B"]
[Black "Pikula,D"]
[Result "0-1"]
[WhiteElo "2491"]
[BlackElo "2530"]

1.Nf3 Nf6 2.c4 c5 3.g3 b6 4.Bg2 Bb7 5.O-O e6 6.Nc3 Be7 7.Re1 Ne4 8.d4 Nxc3
9.bxc3 Be4 10.Bf1 d6 11.h4 h6 12.a4 O-O 13.d5 Nd7 14.Bh3 exd5 15.cxd5 Bf6
16.Qb3 Ne5 17.Nd2 c4 18.Qa3 Bxd5 19.Rd1 Qc7 20.Nf1 Be6 21.Bxe6 fxe6 22.Qxd6 Qf7
23.Be3 Rad8 24.Qb4 Rxd1 25.Rxd1 Be7 26.Qb5 Ng4 27.Qxc4 Nxe3 28.fxe3 Bd6 29.Qe4 Kh8
30.Kh2 Qf2+ 31.Qg2 Be5 32.Qxf2 Rxf2+ 33.Kh3 Bxc3 34.Nh2 Rxe2 35.Rd7 a5 36.Rd6 Rxe3
37.Rxb6 Be1 38.Nf1 Rf3 39.Kg2 Rf2+ 40.Kg1 Re2 41.Rb8+ Kh7 42.h5 Bb4 43.Nh2 Bd6
44.Rb3 Ra2  0-1

[Event "FSIMA March"]
[Site "Budapest HUN"]
[Date "2006.03.12"]
[Round "9"]
[White "Fodor,T jr"]
[Black "Toth,Li"]
[Result "1-0"]
[WhiteElo "2302"]
[BlackElo "2215"]

1.Nf3 Nf6 2.c4 e6 3.g3 b6 4.Bg2 Bb7 5.O-O c5 6.Nc3 Be7 7.d4 cxd4 8.Qxd4 d6
9.Rd1 a6 10.b3 Nbd7 11.Ba3 Nc5 12.Bxc5 bxc5 13.Qd3 O-O 14.Ng5 Bxg2 15.Kxg2 Qc7
16.Qf3 h6 17.Nge4 Nxe4 18.Nxe4 f5 19.Nc3 Bf6 20.Rd3 Bxc3 21.Rxc3 Rae8 22.Rd1 Rf6
23.Rcd3 e5 24.Qd5+ Kh8 25.e4 f4 26.Rf3 g5 27.h3 h5 28.h4 g4 29.Rxf4 exf4
30.Qxh5+ Kg7 31.Qxe8 fxg3 32.fxg3 Qb7 33.Rd5  1-0

[Event "TCh-FIN 2005-6"]
[Site "Espoo FIN"]
[Date "2006.03.12"]
[Round "9"]
[White "Lehtioksa,J"]
[Black "Ivanov,Sergei"]
[Result "1/2-1/2"]
[WhiteElo "2164"]
[BlackElo "2354"]

1.c4 c5 2.Nf3 Nf6 3.g3 b6 4.Bg2 Bb7 5.O-O e6 6.Nc3 a6 7.b3 Qc7 8.Bb2 Be7
9.Rc1 O-O 10.e3 d6 11.d4 Nbd7 12.Qd2 Ne4 13.Nxe4 Bxe4 14.Rfd1 Qb7 15.Ne1 Bxg2
16.Nxg2 Nf6 17.d5 e5 18.f4 exf4 19.exf4 Ne4 20.Qd3 Bf6 21.Qxe4 Bxb2 22.Rc2 Rfe8
23.Qd3 Bd4+ 24.Kf1 Qd7 25.f5 g6 26.Re1 Rxe1+ 27.Nxe1 Re8 28.Re2 Rxe2 29.Kxe2 gxf5
30.Nf3 Qe7+ 31.Kf1  1/2-1/2

[Event "Open"]
[Site "Bad Woerishofen GER"]
[Date "2006.03.18"]
[Round "2"]
[White "Kveinys,A"]
[Black "Kunz,K"]
[Result "1/2-1/2"]
[WhiteElo "2517"]
[BlackElo "2179"]

1.Nf3 Nf6 2.g3 b6 3.Bg2 Bb7 4.O-O c5 5.c4 e6 6.Nc3 Be7 7.Re1 Ne4 8.Qc2 Nxc3
9.dxc3 d6 10.Bf4 g5 11.Be3 Nd7 12.Rad1 g4 13.Nh4 Qc7 14.Bf4 O-O-O 15.Rd2 Ne5
16.Bxe5 dxe5 17.Rxd8+ Bxd8 18.Bxb7+ Qxb7 19.Ng2 Bg5 20.b4 Be7 21.Rb1 h5 22.a4 f5
23.a5 Rd8 24.b5 Bg5 25.e3 e4 26.axb6 axb6 27.Ra1 Rd3 28.Ne1 Rd7 29.Kf1 h4
30.Ke2 h3 31.Ra6  1/2-1/2

[Event "Sozina Open"]
[Site "Bar SCG"]
[Date "2006.03.18"]
[Round "1"]
[White "Drasko,M"]
[Black "Mirkovic,St"]
[Result "1-0"]
[WhiteElo "2507"]
[BlackElo "2191"]

1.Nf3 Nf6 2.g3 b6 3.Bg2 Bb7 4.O-O e6 5.c4 c5 6.Nc3 a6 7.d4 cxd4 8.Qxd4 Be7
9.Be3 Bc5 10.Qd3 Bxe3 11.Qxe3 d6 12.Rfd1 Qc7 13.Nd5 Bxd5 14.cxd5 e5 15.Nxe5 O-O
16.Rac1 Qb7 17.Nc4  1-0

[Event "Sozina Open"]
[Site "Bar SCG"]
[Date "2006.03.21"]
[Round "4"]
[White "Ristic,Neb2"]
[Black "Bojovic,J"]
[Result "1-0"]
[WhiteElo "2266"]
[BlackElo "1969"]

1.Nf3 c5 2.c4 b6 3.g3 Bb7 4.Bg2 Nf6 5.O-O e6 6.d4 cxd4 7.Qxd4 Bc5 8.Qf4 d5
9.b3 dxc4 10.Qxc4 Qc7 11.Bf4 Qe7 12.Ne5 Bxg2 13.Qa4+ Bc6 14.Nxc6 Qd7 15.Nxb8 Qxa4
16.bxa4 Bd4 17.Na3 Bxa1 18.Rxa1 O-O 19.Nc6 Nd5 20.Nb5 f6 21.Bd6 Rfc8 22.Nbxa7 Re8
23.Rc1 f5 24.f3 h6 25.e4 fxe4 26.fxe4 Nf6 27.Rc4  1-0

[Event "Sozina Open"]
[Site "Bar SCG"]
[Date "2006.03.22"]
[Round "5"]
[White "Drasko,M"]
[Black "Nestorovic,DN"]
[Result "1-0"]
[WhiteElo "2507"]
[BlackElo "2361"]

1.Nf3 Nf6 2.g3 b6 3.Bg2 Bb7 4.c4 c5 5.O-O e6 6.Nc3 Be7 7.d4 cxd4 8.Qxd4 d6
9.Rd1 a6 10.Bg5 Nbd7 11.Qd2 Qc7 12.Rac1 O-O 13.Bf4 Ne8 14.b3 Rc8 15.Qe3 e5
16.Nd5 Bxd5 17.cxd5 Qd8 18.Rxc8 Qxc8 19.Qc1 Nef6 20.Bg5 Qb8 21.Bh3 Rd8 22.b4 Kf8
23.Qc6 Rc8 24.Qa4 b5 25.Qxa6 Rc7 26.Rc1 Nxd5 27.Bxd7 Bxg5 28.Rxc7 Nxc7 29.Qxd6+ Be7
30.Qxe5 Bxb4 31.Qe4 Bc5 32.Ne5 Qa7 33.Qxh7 Bxf2+ 34.Kf1 Bg1  1-0

[Event "Sozina Open"]
[Site "Bar SCG"]
[Date "2006.03.26"]
[Round "9"]
[White "Jakovljevic,Vlado"]
[Black "Stanojevic,B"]
[Result "1-0"]
[WhiteElo "2424"]
[BlackElo "2336"]

1.Nf3 c5 2.c4 Nf6 3.g3 b6 4.Bg2 Bb7 5.O-O e6 6.Nc3 a6 7.Re1 d6 8.e4 Nbd7
9.d4 cxd4 10.Nxd4 Qc7 11.Be3 Be7 12.Rc1 Nc5 13.b4 Ncd7 14.Nd5 Qd8 15.Nxf6+ gxf6
16.Nxe6 Qc8 17.Ng7+ Kd8 18.Nf5 Qc6 19.Qh5 Ne5 20.Red1 Ke8 21.c5 dxc5 22.bxc5 Rd8
23.cxb6 Qa4 24.Rxd8+ Kxd8 25.Nxe7 Bxe4 26.Qd1+  1-0

[Event "TCh-FRA Top 16 Gp B"]
[Site "Gonfreville FRA"]
[Date "2006.04.02"]
[Round "7"]
[White "Anic,D"]
[Black "Mensch,E"]
[Result "1-0"]
[WhiteElo "2467"]
[BlackElo "2336"]

1.Nf3 Nf6 2.c4 c5 3.g3 b6 4.Bg2 Bb7 5.O-O e6 6.Nc3 Be7 7.d4 cxd4 8.Qxd4 Nc6
9.Qf4 O-O 10.Rd1 a6 11.b3 d6 12.Ba3 d5 13.Bxe7 Nxe7 14.Ne5 Qb8 15.cxd5 Nexd5
16.Nxd5 Bxd5 17.e4 Bb7 18.Rac1 Rd8 19.Rxd8+ Qxd8 20.Nxf7 Kxf7 21.Rc7+ Kg8
22.Rxb7 Qd1+ 23.Bf1 Rf8 24.Qc7 Nh5 25.Rb8 Qe1 26.Qxb6 g6 27.Qxe6+ Kg7 28.Rxf8 Kxf8
29.g4 Ng7 30.Qxa6 Kf7 31.Qb7+ Kf8 32.Qd5 Ke7 33.Qe5+ Ne6 34.Kg2 Qd1 35.h3  1-0